Inteligencia Social
Uloženo v:
| Hlavní autor: | |
|---|---|
| Médium: | Kniha |
| Jazyk: | španělština |
| Vydáno: |
Barcelona
Javier Vergara
2006
|
| Vydání: | 1a. ed |
| Témata: | |
| Tagy: |
Přidat tag
Žádné tagy, Buďte první, kdo vytvoří štítek k tomuto záznamu!
|
MARC
| LEADER | 00000cam a2200000 a 4500 | ||
|---|---|---|---|
| 001 | UCJ9438 | ||
| 003 | CL-VaPUC | ||
| 008 | 070316e20060700SP |||||||||||||||||spa|d | ||
| 020 | |a 846662967X | ||
| 082 | 0 | 4 | |a 155.7 |b ALB |2 21 |
| 100 | 0 | |a Albrecht, Karl |e author |9 519457 | |
| 245 | 1 | 0 | |a Inteligencia Social |
| 250 | |a 1a. ed | ||
| 300 | |a 363 p | ||
| 942 | |c BK | ||
| 945 | |d 20070316 00:00:00 |a lvergara | ||
| 260 | |a Barcelona |b Javier Vergara |c 2006 | ||
| 650 | 0 | |a Psicología del desarrollo |9 307541 | |
| 650 | 0 | |a Relaciones humanas |9 307340 | |
| 650 | 0 | |a Desarrollo Personal |9 390751 | |
| 650 | 0 | |a Personalidad |9 307255 | |
| 650 | 0 | |a Relaciones humanas |9 307340 | |
| 650 | 0 | |a Psicología del desarrollo |9 307541 | |
| 650 | 0 | |a Aprendizaje |9 254827 | |
| 583 | |a last modification |c 20170228 11:23:36 |k Rodrigo Vera | ||
| 999 | |c 324963 |d 324961 | ||
| 952 | |0 0 |1 0 |4 0 |6 155_700000000000000_ALB_2006 |7 0 |8 A |9 405383 |a BIBENE |b BIBENE |d 2019-11-22 |i 4322975 |l 3 |o 155.7 ALB 2006 |p 4322975 |r 2025-01-15 |s 2022-05-09 |w 2019-11-22 |y BK |k ICO | ||
| 952 | |0 0 |1 0 |3 erb |4 0 |6 155_700000000000000_ALB_2006 |7 0 |8 A |9 405384 |a BIBENE |b BIBENE |i 5329078 |o 155.7 ALB 2006 |p 5329078 |r 2025-01-15 |w 2019-11-22 |y BK |z Catalogado en:20170303 |k ICO | ||